| 000 | 00788cam a2200229 a 4500 | ||
|---|---|---|---|
| 001 | 000006529 | ||
| 003 | DO-SdBNP | ||
| 005 | 20251027142027.0 | ||
| 008 | 850321s1984 ve a b 000 0 spa d | ||
| 040 |
_aDO-SdBNP _bspa _cBNPHU |
||
| 082 |
_a987 _bB273c |
||
| 100 | 1 |
_aBarreto, Morella. _918125 |
|
| 245 | 1 | 0 |
_aCaracas en catorce estaciones / _cMorella Barreto ; prólogo Antonio Padrón Toro. |
| 260 |
_aCaracas, Venezuela : _bEditorial Tropykos, _c1984. |
||
| 300 |
_a95 p. : _bil. ; _c21 cm. |
||
| 504 | _aIncluye referencias bibliográficas (p. 87-91). | ||
| 650 | 4 |
_aFerrocarriles subterraneos _zVenezuela _xEstaciones _918126 |
|
| 651 | 0 |
_aVenezuela _xHistoria _926230 |
|
| 700 | 1 |
_aPadrón Toro, Antonio, _epról. _918128 |
|
| 740 | 0 | _aCaracas en 14 estaciones. | |
| 942 |
_2ddc _cLBS1 |
||
| 999 |
_c6320 _d6320 |
||